| 000 | 01880nam0a2200313 4500 | ||
|---|---|---|---|
| 001 | RU\NLR\bibl\1723132 | ||
| 005 | 20250616072942.0 | ||
| 021 |
_aRU _b2010-97336 _96569 |
||
| 035 | _a(nilc)RSL-KNO-004861370 | ||
| 035 | _a(NLR Aleph) 001714113 | ||
| 090 |
_a1298557 _c1298557 |
||
| 100 | _a20101213d2010 |||y0rusy50 ca | ||
| 101 | 0 | _arus | |
| 102 | _aRU | ||
| 105 | _ay ||||||||| | ||
| 200 | 1 |
_aКомпьютерные технологии в науке и образовании _eучебное пособие для студентов специальностей 230105 Программное обеспечение вычислительной техники и автоматизированных систем, 230100 Информатика и вычислительная техника, 230201 Информационные системы и технологии очной, очной сокращенной, заочной, заочной сокращенной форм обучения _fЕ.М. Гриценко _gФедер. агентство по образованию, ГОУ ВПО "Сиб. гос. технол. ун-т" |
|
| 210 |
_aКрасноярск _cредакционно-издательский центр СибГТУ _d2010 |
||
| 215 |
_a80 с. _cил. _d21 |
||
| 320 | _aБиблиогр.: с. 80 (6 назв.) | ||
| 606 | 1 |
_aFLASH, мультимедийный редактор _jУчебные издания для высших учебных заведений _92248623 _3RU\NLR\auth\661348915 |
|
| 686 |
_aЗ973.26-044.4-018.3-5-05я73-1 _2rubbk |
||
| 686 | _aЗ988.02-018.3я73-1 | ||
| 700 | 1 |
_aГриценко _bЕ. М. _gЕкатерина Михайловна _4070 |
|
| 801 | 0 |
_aRU _bRuMoRKP _c20101213 _grcr |
|
| 801 | 1 |
_aRU _bRuMoRGB _c20101213 |
|
| 801 | 2 |
_aRU _bNLR _c20110117 _grcr |
|
| 942 | _cBOOK | ||
| 980 | _aNB | ||